[Event "Groninger Combinatie op"]
[Site "Groningen"]
[Date "2019.06.01"]
[Round "4"]
[White "Zuiderweg, Edwin"]
[Black "Nicolai, Amir"]
[Result "0-1"]
[WhiteElo "1958"]
[BlackElo "2095"]
[PlyCount "44"]
[EventDate "2019.05.30"]
[EventType "swiss"]
[EventRounds "7"]
[EventCountry "NED"]
[SourceTitle "CBM 190 Extra"]
[Source "ChessBase"]
[SourceDate "2019.07.15"]
[SourceVersion "1"]
[SourceVersionDate "2019.07.15"]
[SourceQuality "1"]

1. e4 c5 2. Nc3 Nc6 3. g3 g6 4. Bg2 Bg7 5. d3 Rb8 6. Be3 d6 7. a4 a6 8. Qd2 e6 9. Nge2 b5 10. axb5 axb5 11. d4 b4 12. Na4 cxd4 13. Nxd4 Nge7 14. 0-0 Ne5 15. Qe2 Qc7 16. Nb5 Qc6 17. Nb6 Rxb6 18. Bxb6 Qxb6 19. Ra7 0-0 20. Rxe7 Ba6 21. Ra1 Bxb5 22. Qd2 Bd7 0-1

[Event "Prague Summer op-A 5th"]
[Site "Prague"]
[Date "2018.08.03"]
[Round "1"]
[White "Zuiderweg, Edwin"]
[Black "Marczuk, Dominik"]
[Result "0-1"]
[WhiteElo "1950"]
[BlackElo "2290"]
[PlyCount "54"]
[EventDate "2018.08.03"]
[EventType "swiss"]
[EventRounds "9"]
[EventCountry "CZE"]
[SourceTitle "CBM 185 Extra"]
[Source "ChessBase"]
[SourceDate "2018.07.29"]
[SourceVersion "1"]
[SourceVersionDate "2018.07.29"]
[SourceQuality "1"]

1. e4 c5 2. c3 Nf6 3. e5 Nd5 4. d4 cxd4 5. Nf3 Nc6 6. cxd4 d6 7. exd6 Qxd6 8. Nc3 Bg4 9. Be2 e6 10. 0-0 Be7 11. a3 0-0 12. Ne4 Qc7 13. b4 Nf4 14. Bb2 Rad8 15. Rc1 Qb6 16. h3 Bxf3 17. Bxf3 Nxd4 18. Bxd4 Rxd4 19. Qc2 Nd3 20. Rcd1 Rfd8 21. Rd2 f5 22. Rfd1 fxe4 23. Bxe4 Rxe4 24. Rxd3 Rxd3 25. Qxd3 Rf4 26. Qe3 Qxe3 27. fxe3 Rf7 0-1

[Event "Groningen Combinatie op"]
[Site "Groningen"]
[Date "2017.05.26"]
[Round "2"]
[White "Maris, Ivo"]
[Black "Zuiderweg, Edwin"]
[Result "1-0"]
[WhiteElo "2327"]
[BlackElo "1960"]
[PlyCount "87"]
[EventDate "2017.05.25"]
[EventType "swiss"]
[EventRounds "7"]
[EventCountry "NED"]
[SourceTitle "CBM 178 Extra"]
[Source "ChessBase"]
[SourceDate "2017.06.22"]
[SourceVersion "1"]
[SourceVersionDate "2017.06.22"]
[SourceQuality "1"]

1. Nf3 c5 2. e4 Nc6 3. Bb5 g6 4. 0-0 Bg7 5. Bxc6 bxc6 6. Re1 Nf6 7. d3 0-0 8. h3 d6 9. a3 e6 10. e5 Nd5 11. exd6 Qxd6 12. Nbd2 h6 13. Nc4 Qc7 14. Nfe5 Ba6 15. Qe2 Kh7 16. Qg4 Bxc4 17. Nxc4 Rab8 18. Rb1 e5 19. Nd2 f5 20. Qc4 Qb6 21. Kf1 Qb5 22. Nb3 Qxc4 23. dxc4 Nb6 24. Nxc5 Rfe8 25. Na6 Rb7 26. c5 Na4 27. b4 Rd8 28. Rb3 e4 29. Bf4 Bc3 30. Reb1 Bd2 31. Rd1 Rbd7 32. Nb8 Rd5 33. Bd6 Rc8 34. c4 Rd4 35. Be5 Rdd8 36. h4 Bg5 37. Rxd8 Bxd8 38. Rb1 Bxh4 39. Rd1 Bf6 40. Rd7+ Kg8 41. Bxf6 Rxb8 42. Rxa7 Rf8 43. Rg7+ Kh8 44. Be5 1-0

[Event "Groningen op 52nd"]
[Site "Groningen"]
[Date "2014.12.26"]
[Round "5"]
[White "Dirksen, Marieke"]
[Black "Zuiderweg, Edwin"]
[Result "1/2-1/2"]
[WhiteElo "2002"]
[BlackElo "2010"]
[PlyCount "31"]
[EventDate "2014.12.21"]
[EventType "swiss"]
[EventRounds "9"]
[EventCountry "NED"]
[SourceTitle "CBM 164 Extra"]
[Source "ChessBase"]
[SourceDate "2015.03.02"]
[SourceVersion "1"]
[SourceVersionDate "2015.03.02"]
[SourceQuality "1"]

1. e4 d5 2. exd5 Nf6 3. d4 Nxd5 4. Nf3 g6 5. Be2 Bg7 6. 0-0 0-0 7. Re1 Nc6 8. c3 h6 9. Na3 Kh7 10. Nc4 f6 11. Bd3 b5 12. Ne3 a6 13. Nh4 f5 14. Qf3 e6 15. Nxd5 Qxd5 16. Qg3 1/2-1/2

[Event "NED-chT 1314"]
[Site "Netherlands"]
[Date "2014.05.10"]
[Round "9.8"]
[White "Wantola, Ivo"]
[Black "Zuiderweg, Edwin"]
[Result "1-0"]
[WhiteElo "2351"]
[BlackElo "2021"]
[PlyCount "97"]
[EventDate "2013.09.21"]
[EventType "team-tourn"]
[EventRounds "9"]
[EventCountry "NED"]
[SourceTitle "EXT 2015"]
[Source "ChessBase"]
[SourceDate "2014.11.20"]
[SourceVersion "1"]
[SourceVersionDate "2014.11.20"]
[SourceQuality "1"]
[WhiteTeam "Voerendaal"]
[BlackTeam "Groningen"]
[WhiteTeamCountry "NED"]
[BlackTeamCountry "NED"]

1. Nf3 Nf6 2. c4 e6 3. Nc3 d5 4. d4 Be7 5. Bg5 h6 6. Bh4 0-0 7. e3 b6 8. Be2 Bb7 9. Bxf6 Bxf6 10. cxd5 exd5 11. 0-0 c5 12. dxc5 bxc5 13. Qb3 Qb6 14. Nxd5 Bxd5 15. Qxd5 Nc6 16. Rab1 Rfd8 17. Qc4 Na5 18. Qc2 Rac8 19. b3 Nc6 20. Bc4 Ne5 21. Nd2 Nxc4 22. Nxc4 Qe6 23. Rfd1 Be7 24. Rxd8+ Rxd8 25. Rd1 Rd5 26. Rxd5 Qxd5 27. Qd2 Qxd2 28. Nxd2 Kf8 29. Kf1 Ke8 30. Ke2 Kd7 31. Kd3 Kc6 32. Kc4 f5 33. Nf3 Bf6 34. g3 a6 35. Nh4 Bxh4 36. gxh4 g6 37. f3 Kd6 38. a4 g5 39. hxg5 hxg5 40. e4 fxe4 41. fxe4 g4 42. a5 Ke5 43. Kxc5 Kxe4 44. b4 Kf3 45. b5 axb5 46. a6 Kg2 47. a7 Kxh2 48. a8Q g3 49. Qh8+ 1-0

[Event "Hoogeveen Unive op"]
[Site "Hoogeveen"]
[Date "2010.10.26"]
[Round "5"]
[White "Van Geffen, Ben"]
[Black "Zuiderweg, Edwin"]
[Result "1/2-1/2"]
[WhiteElo "2171"]
[BlackElo "2044"]
[PlyCount "104"]
[EventDate "2010.10.22"]
[EventType "swiss"]
[EventRounds "9"]
[EventCountry "NED"]
[SourceTitle "EXT 2011"]
[Source "ChessBase"]
[SourceDate "2010.11.26"]
[SourceVersion "1"]
[SourceVersionDate "2010.11.26"]
[SourceQuality "1"]

1. e4 d5 2. exd5 Nf6 3. d4 Nxd5 4. c4 Nb6 5. Nf3 g6 6. Nc3 Bg7 7. c5 Nd5 8. Bc4 c6 9. Qb3 0-0 10. h3 b5 11. Nxb5 Ba6 12. Nc3 Bxc4 13. Qxc4 e6 14. 0-0 Nd7 15. Re1 N7f6 16. Ng5 Nxc3 17. bxc3 h6 18. Nf3 Nd5 19. Ne5 Qc7 20. Qd3 Rad8 21. Nc4 Nxc3 22. Nd6 Nb5 23. Bf4 Bxd4 24. Rac1 Bg7 25. a4 Nxd6 26. cxd6 Qa5 27. Qe4 e5 28. Bxe5 Qxe5 29. Qxe5 Bxe5 30. Rxe5 Rxd6 31. Re7 Ra8 32. Rc5 a5 33. Ree5 Rd1+ 34. Kh2 Rd4 35. Rxa5 Rxa4 36. Rac5 Rc8 37. Kg3 Kg7 38. Kf3 Rb4 39. Ke3 f6 40. Re7+ Kf8 41. Rh7 Kg8 42. Rd7 Rb5 43. Rc3 Re5+ 44. Kd3 Ree8 45. Ra3 Rcd8 46. Raa7 Rxd7+ 47. Rxd7 Re6 48. g3 Kf8 49. h4 h5 50. Rc7 Re7 51. Rxc6 Kf7 52. Ra6 Kg7 1/2-1/2

[Event "Groningen Atlantis-B"]
[Site "Groningen"]
[Date "2010.08.20"]
[Round "5"]
[White "Groenewold, Jan Joris"]
[Black "Zuiderweg, Edwin"]
[Result "0-1"]
[WhiteElo "2189"]
[BlackElo "2033"]
[PlyCount "90"]
[EventDate "2010.08.16"]
[EventType "tourn"]
[EventRounds "9"]
[EventCountry "NED"]
[SourceTitle "CBM 138 Extra"]
[Source "ChessBase"]
[SourceDate "2010.10.29"]
[SourceVersion "1"]
[SourceVersionDate "2010.10.29"]
[SourceQuality "1"]

1. d4 Nf6 2. Nf3 e6 3. g3 d5 4. Bg2 Be7 5. c4 0-0 6. 0-0 dxc4 7. Qc2 a6 8. Qxc4 b5 9. Qc2 Bb7 10. Bd2 Nbd7 11. Ba5 Nb6 12. Nbd2 Rc8 13. b4 Ne8 14. Ng5 Bxg5 15. Bxb7 Rb8 16. Bxa6 Bxd2 17. Qxd2 Nc4 18. Qc3 Nxa5 19. bxa5 Qd6 20. a4 Qxa6 21. axb5 Rxb5 22. Qc4 c6 23. Rfc1 Nf6 24. Qxc6 Qxc6 25. Rxc6 Ra8 26. a6 Kf8 27. Kg2 Nd5 28. e4 Nb4 29. Rc4 Rb6 30. a7 Na6 31. Rac1 Rxa7 32. Rc8+ Ke7 33. Rh8 h6 34. Rcc8 Kf6 35. g4 Kg6 36. h4 f5 37. gxf5+ exf5 38. e5 Rd7 39. Rc4 Nc7 40. Rf8 Ne6 41. h5+ Kxh5 42. Rxf5+ Kg4 43. Rf3 Nf4+ 44. Rxf4+ Kxf4 45. e6 Re7 0-1

[Event "Groningen op-B"]
[Site "Groningen"]
[Date "2008.12.30"]
[Round "9"]
[White "Zuiderweg, Edwin"]
[Black "Hummel, Joop"]
[Result "1/2-1/2"]
[WhiteElo "1952"]
[BlackElo "2019"]
[PlyCount "59"]
[EventDate "2008.12.21"]
[EventType "swiss"]
[EventRounds "9"]
[EventCountry "NED"]
[SourceTitle "CBM 127 Extra"]
[Source "ChessBase"]
[SourceDate "2009.01.08"]
[SourceVersion "2"]
[SourceVersionDate "2009.01.28"]
[SourceQuality "1"]

1. d4 c6 2. e4 d5 3. exd5 cxd5 4. c4 Nf6 5. Nc3 e6 6. Nf3 Be7 7. Bd3 dxc4 8. Bxc4 0-0 9. 0-0 b6 10. d5 Qc7 11. Qe2 exd5 12. Nxd5 Nxd5 13. Bxd5 Bb7 14. Bf4 Qd7 15. Bxb7 Qxb7 16. Rac1 Na6 17. Be5 Rfe8 18. Qc4 Rac8 19. Qg4 Bf8 20. Bc3 Re6 21. Nh4 Nc5 22. f4 Rce8 23. f5 Re4 24. Qg3 Re3 25. Rf3 Rxf3 26. Qxf3 Qe4 27. Re1 Qxf3 28. Nxf3 Rxe1+ 29. Nxe1 Ne4 30. Bd4 1/2-1/2

[Event "Groningen op-B"]
[Site "Groningen"]
[Date "2008.12.28"]
[Round "8"]
[White "Dijkstra, Maarten"]
[Black "Zuiderweg, Edwin"]
[Result "1/2-1/2"]
[WhiteElo "1869"]
[BlackElo "1952"]
[PlyCount "58"]
[EventDate "2008.12.21"]
[EventType "swiss"]
[EventRounds "9"]
[EventCountry "NED"]
[SourceTitle "CBM 127 Extra"]
[Source "ChessBase"]
[SourceDate "2009.01.08"]
[SourceVersion "2"]
[SourceVersionDate "2009.01.28"]
[SourceQuality "1"]

1. d4 Nf6 2. Bg5 Ne4 3. Bf4 d5 4. e3 c5 5. Bd3 Qb6 6. Bxe4 dxe4 7. b3 e6 8. Ne2 Nc6 9. 0-0 cxd4 10. exd4 Nb4 11. c4 Nd3 12. Nbc3 Nxf4 13. Nxf4 Qc7 14. g3 f5 15. f3 g5 16. Nh3 exf3 17. Nxg5 Bh6 18. Nxf3 0-0 19. Qe2 a6 20. Rae1 Bd7 21. d5 Rae8 22. dxe6 Bxe6 23. Qe5 Qxe5 24. Rxe5 Bg7 25. Re3 Bxc4 26. Rxe8 Rxe8 27. bxc4 Bxc3 28. Rb1 Re7 29. Kf2 Bf6 1/2-1/2

[Event "Groningen op-B"]
[Site "Groningen"]
[Date "2008.12.22"]
[Round "2"]
[White "Maris, Ivo"]
[Black "Zuiderweg, Edwin"]
[Result "0-1"]
[WhiteElo "1806"]
[BlackElo "1952"]
[PlyCount "128"]
[EventDate "2008.12.21"]
[EventType "swiss"]
[EventRounds "9"]
[EventCountry "NED"]
[SourceTitle "CBM 127 Extra"]
[Source "ChessBase"]
[SourceDate "2009.01.08"]
[SourceVersion "2"]
[SourceVersionDate "2009.01.28"]
[SourceQuality "1"]

1. e4 d5 2. Nc3 d4 3. Nce2 e5 4. Nf3 f6 5. Ng3 Be6 6. Bb5+ c6 7. Ba4 Nd7 8. 0-0 Nc5 9. Bb3 Nxb3 10. axb3 d3 11. c4 a6 12. Ne1 Qd7 13. Qf3 0-0-0 14. Qe3 Kb8 15. Qb6 Bd6 16. Rxa6 Qc7 17. Qa7+ Kc8 18. Ra4 Be7 19. c5 Bxb3 20. Rb4 Be6 21. b3 Qb8 22. Qa5 b5 23. Ba3 Bxc5 24. Nf3 Qb6 25. Qxb6 Bxb6 26. Rc1 Kb7 27. Ne1 Ba5 28. Rc3 Nh6 29. Nxd3 Rxd3 30. Rxd3 Rd8 31. Rxd8 Bxd8 32. d3 Ba5 33. Rc4 bxc4 34. bxc4 g6 35. Bf8 Ng8 36. f3 Bd8 37. Bb4 Be7 38. Bd2 Bc5+ 39. Kf1 Ne7 40. Ne2 Nc8 41. Nc1 Nb6 42. Nb3 Bd4 43. Na5+ Kc7 44. Nb3 Nxc4 45. Bh6 Ne3+ 46. Bxe3 Bxe3 47. Na1 c5 48. Ke2 Bd4 49. Nc2 c4 50. dxc4 Bxc4+ 51. Ke1 Bd3 52. Nxd4 exd4 53. Kd2 Bf1 54. g3 Kd6 55. f4 h5 56. h4 Ke6 57. Kc2 Kd6 58. Kd2 Kc5 59. Kc2 Kc4 60. Kd2 Bg2 61. e5 fxe5 62. fxe5 Kd5 63. e6 Kxe6 64. Kd3 Ke5 0-1

[Event "Groningen Harmonie op-B"]
[Site "Groningen"]
[Date "2007.12.29"]
[Round "8"]
[White "Zuiderweg, Edwin"]
[Black "Slagter, Ruben"]
[Result "0-1"]
[WhiteElo "1996"]
[BlackElo "1895"]
[PlyCount "76"]
[EventDate "2007.12.21"]
[EventType "swiss"]
[EventRounds "9"]
[EventCountry "NED"]
[SourceTitle "CBM 121 Extra"]
[Source "ChessBase"]
[SourceDate "2008.01.10"]
[SourceVersion "1"]
[SourceVersionDate "2008.01.10"]
[SourceQuality "1"]

1. e4 c5 2. Nc3 Nc6 3. g3 g6 4. Bg2 Bg7 5. d3 e6 6. f4 Nge7 7. Nf3 d6 8. 0-0 0-0 9. Be3 Rb8 10. Qd2 b5 11. e5 Nf5 12. Bf2 Ncd4 13. Nxd4 Nxd4 14. exd6 Bb7 15. Ne4 f5 16. Nxc5 Bxg2 17. Kxg2 Qxd6 18. Nb3 Qd5+ 19. Kh3 g5 20. fxg5 Nf3 21. Qe3 f4 22. gxf4 Nxg5+ 23. fxg5 Rf3+ 24. Qxf3 Qxf3+ 25. Bg3 Qh5+ 26. Kg2 Rc8 27. c3 Qxg5 28. Rae1 Qd5+ 29. Kg1 b4 30. cxb4 Qxd3 31. Nc5 Qd4+ 32. Bf2 Qg4+ 33. Bg3 Bd4+ 34. Kh1 Bxc5 35. bxc5 Rxc5 36. Bd6 Rg5 37. Rf2 Qd4 38. Bg3 Rxg3 0-1

[Event "Groningen op"]
[Site "Groningen"]
[Date "2007.04.13"]
[Round "1"]
[White "Knol, Geon"]
[Black "Zuiderweg, Edwin"]
[Result "0-1"]
[WhiteElo "2139"]
[BlackElo "1983"]
[PlyCount "50"]
[EventDate "2007.04.13"]
[EventType "swiss"]
[EventRounds "6"]
[EventCountry "NED"]
[SourceTitle "CBM 118 Extra"]
[Source "ChessBase"]
[SourceDate "2007.07.04"]
[SourceVersion "1"]
[SourceVersionDate "2007.07.04"]
[SourceQuality "1"]

1. e4 c5 2. Nc3 Nc6 3. g3 e6 4. Bg2 Nf6 5. d3 d5 6. f4 Be7 7. Nge2 dxe4 8. Nxe4 0-0 9. 0-0 Nd4 10. h3 Nd5 11. c3 Nf5 12. Rf3 b6 13. d4 Bb7 14. dxc5 Bxc5+ 15. Nxc5 bxc5 16. Rd3 c4 17. Rf3 Nde3 18. Qxd8 Raxd8 19. Rxe3 Rd1+ 20. Kf2 Bxg2 21. Re5 Bxh3 22. Rxf5 exf5 23. g4 Rf1+ 24. Kg3 Bxg4 25. Nd4 Re8 0-1

[Event "Groningen op-A"]
[Site "Groningen"]
[Date "2006.12.27"]
[Round "5"]
[White "Dehn, Marcus"]
[Black "Zuiderweg, Edwin"]
[Result "1-0"]
[WhiteElo "2142"]
[BlackElo "1983"]
[PlyCount "119"]
[EventDate "2006.12.23"]
[EventType "swiss"]
[EventRounds "9"]
[EventCountry "NED"]
[SourceTitle "CBM 116 Extra"]
[Source "ChessBase"]
[SourceDate "2007.03.07"]
[SourceVersion "1"]
[SourceVersionDate "2007.03.07"]
[SourceQuality "1"]

1. d4 Nf6 2. Nf3 c5 3. c3 e6 4. g3 d5 5. Bg2 Nc6 6. 0-0 Be7 7. Nbd2 0-0 8. Re1 b5 9. Nf1 b4 10. Ne5 Nxe5 11. dxe5 Nd7 12. e4 bxc3 13. exd5 cxb2 14. Bxb2 Rb8 15. Bc3 exd5 16. Bxd5 Nb6 17. Bb3 Qxd1 18. Raxd1 Bg4 19. Rd2 c4 20. Bc2 Rfd8 21. Rxd8+ Rxd8 22. Ne3 Bf3 23. Ba5 Rc8 24. Nf5 Bc5 25. Nd6 Rc6 26. Ne4 h6 27. Nxc5 Rxc5 28. Bc3 Nd5 29. Rb1 g6 30. Rb8+ Kg7 31. Bd4 Rc7 32. a3 Ne7 33. Re8 Bc6 34. Rd8 Bf3 35. e6+ f6 36. Rd7 Rxd7 37. exd7 Nc6 38. Ba4 Nd8 39. Bxa7 Kf7 40. Bb6 Ke7 41. Bxd8+ Kxd8 42. Kf1 c3 43. Ke1 g5 44. Bb5 Kc7 45. a4 Kd8 46. a5 Kc7 47. a6 Kd8 48. a7 Kc7 49. Ba4 Kd8 50. Bd1 Bc6 51. Bg4 h5 52. Bxh5 Kxd7 53. Bg6 Bf3 54. h4 gxh4 55. gxh4 Ke7 56. Bh5 Be4 57. f3 Bd5 58. Ke2 Bc4+ 59. Ke3 Bd5 60. Kd3 1-0

[Event "Groningen op-A"]
[Site "Groningen"]
[Date "2006.12.25"]
[Round "3"]
[White "Wielinga, Wiebe"]
[Black "Zuiderweg, Edwin"]
[Result "1-0"]
[WhiteElo "2154"]
[BlackElo "1983"]
[PlyCount "73"]
[EventDate "2006.12.23"]
[EventType "swiss"]
[EventRounds "9"]
[EventCountry "NED"]
[SourceTitle "CBM 116 Extra"]
[Source "ChessBase"]
[SourceDate "2007.03.07"]
[SourceVersion "1"]
[SourceVersionDate "2007.03.07"]
[SourceQuality "1"]

1. e4 c5 2. Nf3 Nc6 3. Bb5 g6 4. 0-0 Bg7 5. c3 Nf6 6. Re1 0-0 7. h3 h6 8. d4 d5 9. e5 Ne4 10. Nbd2 Nxd2 11. Bxd2 Qb6 12. Bxc6 bxc6 13. Qc1 Kh7 14. dxc5 Qxc5 15. Be3 Qc4 16. b3 Qa6 17. Bc5 Re8 18. Nd4 e6 19. Qf4 Kg8 20. Re3 Qb7 21. Rae1 Qd7 22. h4 Bb7 23. Rf3 Bf8 24. Bxf8 Rxf8 25. Qxh6 c5 26. Rf6 cxd4 27. h5 dxc3 28. hxg6 fxg6 29. Rxg6+ Kf7 30. Rg7+ Ke8 31. Rxd7 Kxd7 32. Qh7+ Kc6 33. Rc1 Rac8 34. Qe7 Rfe8 35. Rxc3+ Kb6 36. Qb4+ Ka6 37. a4 1-0